000 00600nam a2200205 a 4500
001 21962
003 CO-ViMGA
008 141112s2004 ck r 000 u spa d
020 _a8476470355
040 _aCO-ViMGA
_bspa
_cCO-ViMGA
082 0 4 _aRODmi
100 1 _aRodríguez Almodovar, Antonio
_949927
245 1 0 _aMiguelín, El valiente
260 _aMadrid :
_bAlgaida,
_c1986
300 _a15
590 _aForma de adquisición : Compra - - Precio : 4000 - - Proveedor : Cerlac
650 1 4 _aCUENTOS INFANTILES ESPAÑOLES
_9725
650 1 4 _aPRINCIPES - CUENTOS INFANTILES
942 _2ddc
_cBK
999 _c30498
_d30498